Datum a čas kvízu
22
Celkem bodů
Celkový počet nahraných bodů na tomto kvízu bez doplňovacích otázek.
4.
Pořadí na kvízu
Konečné umístění týmu na tomto kvízu.
Zaznamenané odpovědi
| # | Otázka | Odpověď | Body | Výsledky |
|---|---|---|---|---|
| 1. | Ve středu přidala vláda na čes... | Voice of Europe (Hlas Evropy) | 0 | |
| 2. | Jak se jmenuje nezávislý kandi... | Robert Francis Kennedy Jr. | 0 | |
| 3. | Pondělní vyřizování účtů mezi... | Aleš Bejr | 1 | |
| 4. | V pondělí oznámila síň Heritag... | D) rám dveří, na němž se Rose zachránila | 1 | |
| 5. | Kteří dva olympijští vítězové... | Pavel Patera, David Moravec | 0 | |
| 6. | Věříme, že ovládáte velkou pal... | Drahá vlasti | 1 | |
| 7. | Kterou měnou se platí na ostro... | dánskou korunou | 0 | |
| 8. | Vyberte zemi, jejíž zkratka ná... | C | 1 | |
| 9. | V Evropské unii žije momentáln... | 1C 2D 3A 4B | 0 | |
| 10. | Caerdydd je alternativní název... | Cardiff | 0 |